Odpowiedź zaczyna się na L - Statystyki

Ogólne statystyki
  • Ten quiz został rozwiązany 110 razy
  • Średni wynik to 9 z 15
Statystyki odpowiedzi
Opis Odpowiedź % Poprawnych
Aparat fotograficzny wyposażony w obiektyw, który umożliwia fotografowanie poprzez odbicie obrazu od lustra do matrycy lub kliszy. Lustrzanka
88%
Złożony system ścieżek i przejść, który może stanowić wyzwanie intelektualne lub fizyczne dla tych, którzy próbują go przejść. Labirynt
81%
Księstwo w Europie Zachodniej, charakteryzujące się swoim małym obszarem i znaczeniem jako siedziba instytucji europejskich. Luksemburg
81%
Mały drapieżnik z rodziny psowatych, często o czerwonym futrze, znany ze swojej inteligencji i elastycznego stylu życia. Lis
78%
W stadium rozwoju niektórych zwierząt, takich jak owady czy płazy, jest to forma bezpłciowa i zazwyczaj różni się wyglądem od dorosłego osobnika. Larwa
72%
Miasto w Stanach Zjednoczonych, położone w Kalifornii, znane jako centrum przemysłu rozrywkowego, Hollywood i plaż. Los Angeles
72%
Były król Francji, panujący w okresie Rewolucji Francuskiej, znany ze swego tragicznego losu i upadku monarchii. Ludwik
71%
Południowoamerykańskie ssaki przeżuwacze, znane z długiej szyi i zdolności do przenoszenia ładunków. Lama
65%
Amerykański trębacz i wokalista jazzowy, pionier jazzu, znany z utworu "What a Wonderful World" - imię. Louis
53%
Niemiecki kompozytor i pianista, jedna z najważniejszych postaci w historii muzyki klasycznej, autor najsłynniejszych symfonii i sonat fortepianowych - imię. Ludwig
49%
Roślina z rodziny jasnotowatych, znana z charakterystycznego fioletowego kwiatu i przyjemnego zapachu. Lawenda
42%
Obejmuje utwory, których głównym przedmiotem przedstawienia są przeżycia wewnętrzne, przekazywane za pośrednictwem wypowiedzi monologicznej (rzadziej dialogu), odznaczającej się subiektywizmem, podporządkowanej funkcji ekspresywnej oraz funkcji poetyckiej języka. Liryka
33%
Roślina wodna, znana z pięknych kwiatów i symbolicznego znaczenia w różnych kulturach. Lotos
31%
W matematyce to funkcja odwrotna do funkcji wykładniczej, mierząca, ile razy trzeba podnieść pewną liczbę (podstawę) do potęgi, aby uzyskać daną liczbę. Logarytm
19%
Grupa chorób nowotworowych, które wpływają na produkcję komórek krwi w szpiku kostnym, prowadząc do nadmiernego tworzenia niedojrzałych komórek krwi - inna nazwa białaczki. Leukemia
18%
Nie znaleziono quizów pasujących do podanych kryteriów
Rozkład punktacji
Procent ludzi z każdym wynikiem
Percentyl według liczby udzielonych odpowiedzi
Twoja historia wyników
Nie rozwiązałeś tego quizu